| 000 | 01295nam a22002177a 4500 | ||
|---|---|---|---|
| 003 | BD-DhUL | ||
| 005 | 20160627104012.0 | ||
| 008 | 160627s2012 bg b|||| |||| 00| 0 ben d | ||
| 040 |
_aBD-DhUL _cBD-DhUL |
||
| 082 |
_a954.922 _bRAJ |
||
| 245 |
_aরাজধানী ঢাকার ৪০০ বছর ও উত্তরকাল = _b400 years of capital Dhaka and beyond : Vol. 2 / _cএম মোফাখখারুল ইসলাম, ফিরোজ মাহমুদ |
||
| 260 |
_aঢাকা : _bবাংলাদেশ এশিয়াটিক সোসাইটি, _c২০১২ |
||
| 300 |
_aখ. : _bচিত্র (কিছু রঙিন), মানচিত্র (রঙিন) ; _c২৫ সেমি |
||
| 490 | _aDhaka celebration series,1608-2008 ; 16 | ||
| 500 | _aসূচী: খ. ২. অর্থনীতি ও সংস্কৃতি "Celebration of 400 years of capital Dhaka" | ||
| 504 | _aগ্রন্থপঞ্জিগত তথ্য ও নির্ঘন্ট সংবলিত | ||
| 651 |
_aঢাকা _xইতিহাস |
||
| 700 |
_aইসলাম, এম মোফাখখারুল _eসম্পাদক |
||
| 700 |
_aমাহমুদ, ফিরোজ _eযেৌথ সম্পাদক |
||
| 942 |
_2ddc _cBK |
||
| 999 |
_c80695 _d80695 |
||